Chile California mediterranean scrub atlas: a comparative analysis

Saved in:
Bibliografiske detaljer
Main Authors: Thrower, Norman J. W (Author), Bradbury, David E (Author)
Format: Bog
Sprog:engelsk
Udgivet: Stroudsburg Dowden, Hutchinson & Ross 1977
Serier:US IBP Synthesis Series, 2
Fag:
Tags: Tilføj Tag
Ingen Tags, Vær først til at tagge denne postø!

MARC

LEADER 00000nam a2200000 a 4500
001 UCU2357
003 CL-VaPUC
008 960426e19770000us |||||||||||||||||eng|d
082 0 4 |a 577.4  |b THR  |2 21 
100 0 |a Thrower, Norman J. W  |e author  |9 358444 
700 0 |a Bradbury, David E  |e author  |9 358445 
245 1 0 |a Chile California mediterranean scrub atlas: a comparative analysis 
300 |a 237 p 
942 |c BK 
945 |d 19960426 00:00:00  |a rbrito 
260 |a Stroudsburg  |b Dowden, Hutchinson & Ross  |c 1977 
650 0 |a Ecología   |9 258124 
650 7 |a MALEZA  |2 CL-VaPUC  |9 358446 
650 0 |a Historia natural   |9 268584 
650 7 |a CLIMA MEDITERRANEO  |2 CL-VaPUC  |9 261835 
650 0 |a Geografía  |9 259346 
650 0 |a Topografía   |9 260423 
650 0 |a Clima  |9 265281 
650 7 |a TEMPERATURA  |2 CL-VaPUC  |9 358447 
650 0 |a Vegetación  |9 264748 
651 7 |a CALIFORNIA  |2 CL-VaPUC  |9 264797 
651 7 |a CHILE  |2 CL-VaPUC  |9 358448 
583 |a last modification  |c 20171010 12:03:04  |k Rodrigo Vera 
490 0 |a US IBP Synthesis Series, 2 
999 |c 246664  |d 246662